Entry Personal Name
Number of records used in: 2
001 - CONTROL NUMBER
003 - CONTROL NUMBER IDENTIFIER
005 - DATE AND TIME OF LATEST TRANSACTION
- control field:
20230918153644.0
008 - FIXED-LENGTH DATA ELEMENTS
- fixed length control field:
800514n| acannaabn |b aaa
010 ## - LIBRARY OF CONGRESS CONTROL NUMBER
- LC control number:
n 80057211
035 ## - SYSTEM CONTROL NUMBER
- System control number:
(OCoLC)oca00438954
040 ## - CATALOGING SOURCE
- Original cataloging agency:
DLC
- Language of cataloging:
eng
- Transcribing agency:
DLC
- Modifying agency:
DLC
- Modifying agency:
OCoLC
- Modifying agency:
OkU
100 1# - HEADING--PERSONAL NAME
- Personal name:
Evans, B. Ifor
- Fuller form of name:
(Benjamin Ifor),
- Dates associated with a name:
1899-1982
400 1# - SEE FROM TRACING--PERSONAL NAME
- Personal name:
Hungershall, Benjamin Ifor,
- Titles and other words associated with a name:
Baron Evans of
400 1# - SEE FROM TRACING--PERSONAL NAME
- Personal name:
Evans of Hungershall, Benjamin Ifor,
- Titles and other words associated with a name:
Baron
400 1# - SEE FROM TRACING--PERSONAL NAME
- Control subfield:
nnaa
- Personal name:
Evans, Benjamin Ifor,
- Titles and other words associated with a name:
Baron Evans of Hungershall,
- Dates associated with a name:
1899-1982
400 1# - SEE FROM TRACING--PERSONAL NAME
- Personal name:
Evans, Ifor,
- Titles and other words associated with a name:
Baron Evans of Hungershall
400 1# - SEE FROM TRACING--PERSONAL NAME
- Personal name:
Evans, B. Ifor,
- Titles and other words associated with a name:
Baron Evans of Hungershall
670 ## - SOURCE DATA FOUND
- Source citation:
His William Morris and his poetry, 1925.
670 ## - SOURCE DATA FOUND
- Source citation:
Dictionary of national biography, online, Dec. 8, 2011:
- Information found:
(Evans, (Benjamin) Ifor, Baron Evans of Hungershall; b. Aug. 19, 1899; d. Aug. 28, 1982)